<?xml version="1.0" encoding="UTF-8"?><?xml-stylesheet type="text/xsl" href="static/style.xsl"?><OAI-PMH xmlns="http://www.openarchives.org/OAI/2.0/" xmlns:xsi="http://www.w3.org/2001/XMLSchema-instance" xsi:schemaLocation="http://www.openarchives.org/OAI/2.0/ http://www.openarchives.org/OAI/2.0/OAI-PMH.xsd"><responseDate>2026-04-14T02:53:16Z</responseDate><request verb="GetRecord" identifier="oai:www.recercat.cat:2445/153597" metadataPrefix="marc">https://recercat.cat/oai/request</request><GetRecord><record><header><identifier>oai:recercat.cat:2445/153597</identifier><datestamp>2025-12-05T14:54:01Z</datestamp><setSpec>com_2072_1057</setSpec><setSpec>col_2072_478917</setSpec><setSpec>col_2072_478924</setSpec></header><metadata><record xmlns="http://www.loc.gov/MARC21/slim" xmlns:dcterms="http://purl.org/dc/terms/" xmlns:xsi="http://www.w3.org/2001/XMLSchema-instance" xmlns:doc="http://www.lyncode.com/xoai" xsi:schemaLocation="http://www.loc.gov/MARC21/slim http://www.loc.gov/standards/marcxml/schema/MARC21slim.xsd">
   <leader>00925njm 22002777a 4500</leader>
   <datafield ind2=" " ind1=" " tag="042">
      <subfield code="a">dc</subfield>
   </datafield>
   <datafield ind2=" " ind1=" " tag="720">
      <subfield code="a">Quintanilla-Casas, Beatriz</subfield>
      <subfield code="e">author</subfield>
   </datafield>
   <datafield ind2=" " ind1=" " tag="720">
      <subfield code="a">Bertin, Sofia</subfield>
      <subfield code="e">author</subfield>
   </datafield>
   <datafield ind2=" " ind1=" " tag="720">
      <subfield code="a">Leik, Kerstin</subfield>
      <subfield code="e">author</subfield>
   </datafield>
   <datafield ind2=" " ind1=" " tag="720">
      <subfield code="a">Bustamante Alonso, Julen</subfield>
      <subfield code="e">author</subfield>
   </datafield>
   <datafield ind2=" " ind1=" " tag="720">
      <subfield code="a">Guardiola Ibarz, Francesc</subfield>
      <subfield code="e">author</subfield>
   </datafield>
   <datafield ind2=" " ind1=" " tag="720">
      <subfield code="a">Valli, Enrico</subfield>
      <subfield code="e">author</subfield>
   </datafield>
   <datafield ind2=" " ind1=" " tag="720">
      <subfield code="a">Bendini, Alessandra</subfield>
      <subfield code="e">author</subfield>
   </datafield>
   <datafield ind2=" " ind1=" " tag="720">
      <subfield code="a">Gallina Toschi, Tullia</subfield>
      <subfield code="e">author</subfield>
   </datafield>
   <datafield ind2=" " ind1=" " tag="720">
      <subfield code="a">Tres Oliver, Alba</subfield>
      <subfield code="e">author</subfield>
   </datafield>
   <datafield ind2=" " ind1=" " tag="720">
      <subfield code="a">Vichi, S. (Stefania)</subfield>
      <subfield code="e">author</subfield>
   </datafield>
   <datafield ind2=" " ind1=" " tag="260">
      <subfield code="c">2020-03-24T11:43:17Z</subfield>
   </datafield>
   <datafield ind2=" " ind1=" " tag="260">
      <subfield code="c">2020-03-24T11:43:17Z</subfield>
   </datafield>
   <datafield ind2=" " ind1=" " tag="260">
      <subfield code="c">2020-03-24</subfield>
   </datafield>
   <datafield ind2=" " ind1=" " tag="520">
      <subfield code="a">Dades de l'article publicat a la revista Food Chemistry, Volume 307, 1 March 2020, 125556. El podeu consultar a  http://hdl.handle.net/2445/143358</subfield>
   </datafield>
   <datafield ind2=" " ind1=" " tag="520">
      <subfield code="a">Data base containing SPME-GC-MS raw analytical data obtained and used by Quintanilla-Casas et al. (Food Chemistry, 2020, 125556). Data correspond to 82 authentic and traceable olive oil samples, declared as EVOO by the suppliers obtained in the framework of OLEUM project (EC H2020 Programme 2014–2020) from seven different EU and non-EU countries: Croatia (n=11); Slovenia (SVN) (n=8); Spain (ESP) (n=17); Italy (ITA) (n=15); Greece (GRC) (n=6); Morocco (MAR) (n=15) and Turkey (TUR) (n=10). With the aim of reflecting the real production scenario, EVOO samples in this prospective study were obtained under usual production practices for commercial purposes, and thus consisted of both monovarietal oils as well as market blends of olive cultivars typical of each geographical origin. Briefly, data correspond to SPME-GC-MS scan intensities of the specific sesquiterpene hydrocarbon (SH) ions (m/z 93, 107, 119, 135, 157, 159, 161, 189 and 204) obtained from the Total Ion Current (TIC) between the 18th to the 30th minute. Thus, 2467 scans were obtained for each m/z ion implying 22203 variables per sample.</subfield>
   </datafield>
   <datafield ind2=" " ind1=" " tag="520">
      <subfield code="a">SPME-GC-MS data have been obtained by researchers in the OLEUM project This work was developed in the context of the project OLEUM “Advanced solutions for assuring authenticity and quality of olive oil at global scale”, funded by the European Commission within the Horizon 2020 Program (2014–2020, grant agreement no. 635690). The information and views set out in this article are those of the author(s) and do not necessarily reflect the official opinion of the European Union. Neither the European Union institutions and bodies nor any person acting on their behalf may be held responsible for the use which may be made of the information contained therein. The study was also supported&#xd;
&#xd;
by the Ministerio de Ciencia, Innovación y Universidades (MICINN) from Spain through the Juan de la Cierva and Ramon y Cajal programs (JCI-2012_13412 and RYC-2017-23601), and by the Ministerio de Educación, Cultura y Deporte (MECD) from Spain through the FPU pre-doctoral program (FPU16/01744).</subfield>
   </datafield>
   <datafield tag="653" ind2=" " ind1=" ">
      <subfield code="a">Oli d'oliva</subfield>
   </datafield>
   <datafield tag="653" ind2=" " ind1=" ">
      <subfield code="a">Antropometria</subfield>
   </datafield>
   <datafield tag="653" ind2=" " ind1=" ">
      <subfield code="a">Olive oil</subfield>
   </datafield>
   <datafield tag="653" ind2=" " ind1=" ">
      <subfield code="a">Anthropometry</subfield>
   </datafield>
   <datafield ind2="0" ind1="0" tag="245">
      <subfield code="a">SPME-GC-MS raw data for the development of profiling and fingerprinting analysis of sesquiterpene hydrocarbons for the geographical authentication of extra virgin olive oils</subfield>
   </datafield>
</record></metadata></record></GetRecord></OAI-PMH>